| 000 | 00813nam a2200193 i 4500 | ||
|---|---|---|---|
| 001 | 173637 | ||
| 003 | ES-MaACL | ||
| 005 | 20230906215311.0 | ||
| 008 | 091218s1869 sp |||| | spa d | ||
| 110 | 2 |
_aAteneo Artístico y Literario de Señoras de Madrid. _9141842 |
|
| 245 | 1 | 0 | _aEstatutos y reglamento interior del Ateneo Artístico y Literario de Señoras de Madrid. |
| 260 |
_aMadrid : _b[s.n.], _c1869 ( _fImp. de los Sres. Rojas) |
||
| 300 |
_a16 p. ; _c19 cm. |
||
| 594 | _aAl final del texto: La presidenta, Faustina Sáez de Melgar. La secretaria primera, Vicenta de Villalonga. | ||
| 610 | 2 | 4 |
_aAteneo Artístico y Literario de Señoras de Madrid. _9141842 |
| 700 | 1 |
_aSaez de Melgar, Faustina. _9132272 |
|
| 700 | 1 |
_aVillalonga, Vicenta. _9162012 |
|
| 852 | 1 |
_aBA _j2284-F-22 _q- Ejemp. fotocopiado |
|
| 999 |
_c173637 _d173637 |
||